| 000 | 00894nam a2200277 i 4500 | ||
|---|---|---|---|
| 001 | 89078 | ||
| 003 | ES-MaACL | ||
| 005 | 20250824222028.0 | ||
| 007 | t| | ||
| 008 | 050127s2002 sp ||||1| spa d | ||
| 020 | _a84-7844-200-6 | ||
| 080 | _a821.134.2-82"19" | ||
| 100 | 1 |
_aCernuda, Luis, _d1902-1963 _937529 |
|
| 245 | 1 | 0 |
_aObra completa / _cLuis Cernuda ; edición a cargo de Derek Harris y Luis Maristany. |
| 260 |
_aMadrid : _bSiruela, _c2002. |
||
| 300 |
_a3 v. ; _c23 cm. |
||
| 490 | 1 |
_aLibros del tiempo ; _v57 ; 66 ; 72 |
|
| 500 | _aIndices. | ||
| 504 | _aBibliografía. | ||
| 505 | 8 | _avol. I: Poesía completa. -- vol. II: Prosa I. -- vol. III: Prosa II | |
| 700 | 1 |
_aHarris, Derek. _961907 |
|
| 700 | 1 |
_aMaristany, Luis. _976898 |
|
| 830 | 0 | 0 |
_aLibros del tiempo (Siruela) _v57 ; 66 ; 72 _9233603 |
| 852 |
_aES-MaACL _jL-28720-22 _bR.135185 |
||
| 999 |
_c89078 _d89078 |
||